UM Logo

Occupational outlook handbook/ (Record no. 4465)

MARC details
000 -LEADER
fixed length control field 00853nam a22002417a 4500
003 - CONTROL NUMBER IDENTIFIER
control field OSt
005 - DATE AND TIME OF LATEST TRANSACTION
control field 20160910142449.0
008 - FIXED-LENGTH DATA ELEMENTS--GENERAL INFORMATION
fixed length control field 160910b xxu||||| |||| 00| 0 eng d
020 ## - INTERNATIONAL STANDARD BOOK NUMBER
International Standard Book Number 1-56370-850-7 Hardcover
040 ## - CATALOGING SOURCE
Transcribing agency LIC
082 ## - DEWEY DECIMAL CLASSIFICATION NUMBER
Edition number 2002
Classification number DC 331.702
Item number Oc1
245 ## - TITLE STATEMENT
Title Occupational outlook handbook/
Statement of responsibility, etc. U.S. Department of Labor, Bureau of Labor Statistics
250 ## - EDITION STATEMENT
Edition statement 2002-2003 Edition
260 ## - PUBLICATION, DISTRIBUTION, ETC. (IMPRINT)
Place of publication, distribution, etc. Indianapolis, IN :
Name of publisher, distributor, etc. JIST Pub.,
Date of publication, distribution, etc. c2002.
300 ## - PHYSICAL DESCRIPTION
Extent xiii, 639 pages:
Other physical details illustrations;
Dimensions 28 cm.
500 ## - GENERAL NOTE
General note Includes index.
650 #0 - SUBJECT ADDED ENTRY--TOPICAL TERM
9 (RLIN) 14396
Topical term or geographic name as entry element Vocational guidance -- United States
650 #0 - SUBJECT ADDED ENTRY--TOPICAL TERM
9 (RLIN) 14397
Topical term or geographic name as entry element Occupations -- United States
650 #0 - SUBJECT ADDED ENTRY--TOPICAL TERM
9 (RLIN) 14398
Topical term or geographic name as entry element Employment forecasting -- United States
650 #0 - SUBJECT ADDED ENTRY--TOPICAL TERM
9 (RLIN) 14399
Topical term or geographic name as entry element Career development -- United States
700 ## - ADDED ENTRY--PERSONAL NAME
9 (RLIN) 14400
Personal name United States. Bureau of Labor Statistics
942 ## - ADDED ENTRY ELEMENTS (KOHA)
Source of classification or shelving scheme Dewey Decimal Classification
Koha item type Circulation
Holdings
Withdrawn status Lost status Source of classification or shelving scheme Damaged status Not for loan Collection code Home library Current library Date acquired Source of acquisition Total Checkouts Full call number Barcode Date last seen Copy number Price effective from Koha item type
    Dewey Decimal Classification     Circulation UM Digos College - LIC UM Digos College - LIC 03/25/2009 Purchased   DC 331.702 Oc1 2002 19983 05/15/2025 1 09/10/2016 Circulation